00662nam a2200193 i 450000100060000000300090000600500170001500700030003200800410003510000360007624501480011225000120026026000640027230000330033665100310036970000290040070000180042985200210044787318ES-MaACL20250927063036.0t|041221s1954 sp f |||| | spa d1 aKrarup Nielsen, Aage, dn. 189110aQuimonos y uniformes b: el nuevo Japón / cAage Krarup Nielsen ; prólogo de E. Borrás Cubells ; [vertida al castellano por J.M. Adswar]. a1ª ed. aBarcelona : bEdiciones y Publicaciones, c1954 (fJuvenil) a246 p., 49 lám. ; c22 cm. 4aJapón-xHistoria-yS.XX.1 aBorrás Cubells, Enric.1 aAdswar, J. M. aES-MaACLjC-8510